|
|
|
|
| LEADER |
00916nam a2200277 4500 |
| 001 |
DLU110125846 |
| 005 |
##20110928 |
| 040 |
# |
# |
|a DLU
|b vie
|
| 041 |
# |
# |
|a vie
|
| 044 |
# |
# |
|a vn
|
| 100 |
# |
# |
|a Nguyễn Thị Hà.
|
| 245 |
# |
# |
|a Nghiên cứu khả năng hấp thu toluen trong nước của pseudomonas aeruginosa và pseudomonas putida /
|c Nguyễn Thị Hà, Phạm Văn Quý.
|
| 653 |
# |
# |
|a Ô nhiễm chất hữu cơ
|
| 653 |
# |
# |
|a Phương pháp nuôi cấy P.aeruginosa
|
| 653 |
# |
# |
|a Vi sinh vật
|
| 700 |
# |
# |
|a Phạm Văn Quý.
|
| 773 |
# |
# |
|t Tạp chí Phân tích hóa, lý và sinh học
|g Số 4(13), 2008, tr. 8-12
|
| 920 |
# |
# |
|a Phòng Tạp chí -- Trung tâm Thông tin - Thư viện Trường Đại học Đà Lạt
|
| 994 |
# |
# |
|a DLU
|
| 900 |
# |
# |
|a True
|
| 911 |
# |
# |
|a Nguyễn Thị Linh Chi
|
| 925 |
# |
# |
|a G
|
| 926 |
# |
# |
|a A
|
| 927 |
# |
# |
|a BB
|
| 980 |
# |
# |
|a Thư viện Trường Đại học Đà Lạt
|